1105 1700 1470 1494 1466 1787 1245 1575 1961 1240 1719 1794 1367 1082 1910 1338 1178 1584 1282 1646 1736 1680 1728 1162 1790 1609 1918 1274 1671 1649 1729 1595 1024 1555 1256 1054 1635 1973 1989 1050 1538 1287 1063 1742 1919 1314 1377 1555 1088 1708 1312 1336 1497 1309 1444 1264 1019 1438 1113 1818 1571 1680 1041 1349 1345 1474 1820 1604 1119 1802 1272 1546 1618 1375 1164 1764 1324 1683 1679 1496 1090 1681 1781 1226 1197 1465 1094 1762 1995 1444 1330 1895 1651 1020 1610 1353 1486 1610 1318 BCNSPRNW ULIB Ver.6.0+V

เปลี่ยนเป็นภาษาไทย

Change to English
 แสดงรายละเอียดบรรณานุกรม
  กลับหน้าหลัก

Brief Record : Get Marc (ISO 2709) : E-mail record : QR code < ปิดหน้าต่าง
LEADER : 00000nam 2200000uu 4500
001    13399127797
003     ULIB
008    210916s||||||||th 000 0 tha d
020    ^a9786164380493
060 04 ^aWT120^bก318
100 0  ^aปณิตา ลิมปะวัฒนะ
245 10 ^aกลุ่มอาการสูงอายุ และประเด็นทางสุขภาพที่น่าสนใจ /^cปณิตา ลิมปะวัฒนะ, บรรณาธิการ
250    ^aพิมพ์ครั้งที่ 1
260    ^aขอนแก่น :^bหน่วยเวชศาสตร์ผู้สูงอายุ ภาควิชาอายุรศาสตร์ คณะแพทย์ศาสตร์ มหาวิทยาลัยขอนแก่น ,^c2560
300    ^aฐ, 292 หน้า :^bภาพประกอบ ;^c25 ซม.
500    ^aผู้สูงอายุ
505 0  ^a1.กลุ่มอาการสูงอายุ--2.แนวทางการสื่อสารและการประเมินผู้สูงอายุอย่างสมบูรแบบ--3.ภาวะหกล้ม--4.การสูญเสียความสามารถในการเคลื่อนไหว--5.ภาวะสับสนเฉียพลัน--6.ภาวะสมองเสื่อม--7.ภาวะซึมเศร้าในผู้สูงอายุ--8.ภาวะกลั้นปัสสาวะไม่้ได้ 9. ภาวะทุพโภชนาการในผู้สูงอายุ--10.การนอนไม่หลับ--11.โรคหรือภาวะที่เกิดจากการปฏิบัติการทางการแพทย์--12.ภาวะเปาะบางและภาวะมวลกล้ามเนื้อน้อย--13.การวางแผนจำหน่ายและการดูแลระยะเปลี่ยนผ่าน--14.ภาระผู้ดูแลผู้ป่วยสูงอายุ--15.การดแลผู้สูงอายุแบบประคับประคอง
650  4 ^aผู้สูงอายุ^xสุขภาพและอนามัย
650  4 ^aผู้สูงอายุ^xโรค
700 0  ^aทศพร คำผลศิริ
710 2  ^aมหาวิทยาลัยขอนแก่น. ^bคณะแพทยศาสตร์.
945    ^p390^l0^i28929
945    ^p390^l0^i28930
945    ^p390^l0^i28931
999    ^aกัณชพร จุลอักษร
รายการนี้ยังไม่มีแท็ก
คุณยังไม่ได้ล็อกอิน คุณสามารถมีกิจกรรมร่วมกับเว็บไซต์ได้ แต่ต้องล็อกอินก่อน ::
  ล็อกอิน

รายการสื่อสารสนเทศ

ลำดับที่ ประเภท เลขเรียก/บาร์โค้ด สถานที่ สถานะ
1. หนังสือสำรอง
หนังสือสำรอง
WT120 ก318 ฉ.1 
  Barcode: 28929
ห้องสมุดวิทยาเขตนครสวรรค์
►หนังสือทั่วไป:l:General Books
บนชั้น
2. วิทยาศาสตร์การแพทย์ และสุขภาพ
วิทยาศาสตร์การแพทย์ และสุขภาพ
WT120 ก318 ฉ.2 
  Barcode: 28930
ห้องสมุดวิทยาเขตนครสวรรค์
►หนังสือทั่วไป:l:General Books
บนชั้น
3. วิทยาศาสตร์การแพทย์ และสุขภาพ
วิทยาศาสตร์การแพทย์ และสุขภาพ
WT120 ก318 ฉ.3 
  Barcode: 28931
ห้องสมุดวิทยาเขตนครสวรรค์
►หนังสือทั่วไป:l:General Books
บนชั้น

รายการใกล้เคียง
    ผู้แต่ง [ปณิตา ลิมปะวัฒนะ]

BibComment


ยังไม่เคยถูกคอมเมนท์

คอมเมนท์ทรัพยากรรายการนี้
  คอมเมนท์: กลุ่มอาการสูงอาย..


 Copyright 2026. Bcnsprnw @Library